Cat's eye / (Record no. 768)

MARC details
000 -LEADER
fixed length control field 00802cam a2200289 a 4500
003 - CONTROL NUMBER IDENTIFIER
control field data
005 - DATE AND TIME OF LATEST TRANSACTION
control field 20260322212033.0
008 - FIXED-LENGTH DATA ELEMENTS--GENERAL INFORMATION
fixed length control field data
010 ## - LIBRARY OF CONGRESS CONTROL NUMBER
LC control number 90036430
020 ## - INTERNATIONAL STANDARD BOOK NUMBER
International Standard Book Number 0816148902
020 ## - INTERNATIONAL STANDARD BOOK NUMBER
International Standard Book Number 9780816148905
040 ## - CATALOGING SOURCE
Original cataloging agency DLC
Transcribing agency DLC
082 00 - DEWEY DECIMAL CLASSIFICATION NUMBER
Classification number LT Fiction
099 ## - LOCAL FREE-TEXT CALL NUMBER (OCLC)
Classification number ATWOOM
001 - CONTROL NUMBER
control field data
100 1# - MAIN ENTRY--PERSONAL NAME
Personal name Atwood, Margaret,
Dates associated with a name 1939-
245 10 - TITLE STATEMENT
Title Cat's eye /
Statement of responsibility, etc. Margaret Atwood.
260 ## - PUBLICATION, DISTRIBUTION, ETC.
Place of publication, distribution, etc. Boston, Mass. :
Name of publisher, distributor, etc. G.K. Hall,
Date of publication, distribution, etc. 1990.
300 ## - PHYSICAL DESCRIPTION
Extent 578 p. (large print) ;
Dimensions 24 cm.
490 0# - SERIES STATEMENT
Series statement G.K. Hall large print book series.
650 #0 - SUBJECT ADDED ENTRY--TOPICAL TERM
Topical term or geographic name entry element Women painters
Geographic subdivision Toronto
-- Toronto
Form subdivision Fiction.
650 #0 - SUBJECT ADDED ENTRY--TOPICAL TERM
Topical term or geographic name entry element Friendship
Geographic subdivision Toronto
-- Toronto
Form subdivision Fiction.
650 #0 - SUBJECT ADDED ENTRY--TOPICAL TERM
Topical term or geographic name entry element Girls
Geographic subdivision Toronto
-- Toronto
Form subdivision Fiction.
650 #0 - SUBJECT ADDED ENTRY--TOPICAL TERM
Topical term or geographic name entry element Psychological fiction.
650 #0 - SUBJECT ADDED ENTRY--TOPICAL TERM
Topical term or geographic name entry element Large type books.
651 #0 - SUBJECT ADDED ENTRY--GEOGRAPHIC NAME
Geographic name Toronto (Ont.)
Form subdivision Fiction.
Holdings
Withdrawn status Lost status Damaged status Not for loan Home library Current library Shelving location Date acquired Total checkouts Full call number Barcode Date last seen Price effective from Koha item type
        Midway Midway General stacks 22/03/2026   LT Fiction BC0010788 22/03/2026 22/03/2026 Books